|
|
|
|
| LEADER |
00000nam a22000007a 4500 |
| 005 |
20210218231557.0 |
| 007 |
cr|||| |||| |
| 008 |
210218s2019 us |||||s|||| 00||0 eng d |
| 020 |
|
|
|a 978-1-78769-866-6
|
| 035 |
|
|
|a 31997
|
| 040 |
|
|
|a vLex
|
| 090 |
|
|
|c 11186
|d 11186
|
| 100 |
1 |
|
|a Deflem, Mathieu
|
| 245 |
1 |
0 |
|a Methods of Criminology and Criminal Justice Research
|h [Recurso electrn̤ico] /
|c Mathieu Deflem, Derek M.D. Silva
|
| 256 |
|
|
|a Servicio en ln̕ea
|
| 260 |
|
|
|a Bingley:
|b Emerald Group Publishing Limited,
|c 2019
|
| 300 |
|
|
|a 1 recurso electrn̤ico
|
| 506 |
1 |
|
|a Disponible solo en los productos indicados
|d vLex Global
|d vLex Global (Academic Edition, excluding Law Schools)
|d vLex Global (Academic Edition, Law Schools)
|
| 650 |
0 |
4 |
|a Derecho Penal
|z Estados Unidos
|
| 650 |
0 |
4 |
|a Ciencias sociales
|z Estados Unidos
|
| 700 |
1 |
|
|a Silva, Derek M.D.
|
| 740 |
0 |
|
|a vLex Libros (Servicio en ln̕ea)
|
| 856 |
4 |
0 |
|u http://vlex.com/source/31997
|z Acceso restringido
|
| 942 |
|
|
|c BOOK
|
| 999 |
0 |
|
|a Criminal Law
|
| 999 |
0 |
|
|a Social Sciences
|